Management strategies for information technology

Chapters suggest both why and how exploitation of IT should be connected to business strategy formulation, and examine some traditional problems of information systems management from this strategic perspective.

Đã lưu trong:
书目详细资料
主要作者: Earl, Michael J.
格式: 图书
语言:Undetermined
出版: New York Prentice Hall 1989
主题:
标签: 添加标签
没有标签, 成为第一个标记此记录!
Thư viện lưu trữ: Trung tâm Học liệu Trường Đại học Cần Thơ
LEADER 00854nam a2200205Ia 4500
001 CTU_153130
008 210402s9999 xx 000 0 und d
020 |c 57.19 
082 |a 658.4038 
082 |b E12 
100 |a Earl, Michael J. 
245 0 |a Management strategies for information technology 
245 0 |c Michael J. Earl. 
260 |a New York 
260 |b Prentice Hall 
260 |c 1989 
520 |a Chapters suggest both why and how exploitation of IT should be connected to business strategy formulation, and examine some traditional problems of information systems management from this strategic perspective. 
650 |a Information resources management,Information technology,Công nghệ thông tin,Quản lý nguồn thông tin 
904 |i Trọng Hiếu 
980 |a Trung tâm Học liệu Trường Đại học Cần Thơ